Szeged középkori templomai építéstörténeti tanulmány /

Elmentve itt :
Bibliográfiai részletek
Szerző: Cs. Sebestyén Károly
Dokumentumtípus: Könyv
Megjelent: Somogyi Könyvtár és Városi Múzeum Szeged 1938
Kulcsszavak:Templomépítészet - Magyarország - regionális, Szeged - templomépítészet
Tárgyszavak:
Online Access:http://misc.bibl.u-szeged.hu/76169
LEADER 00748nam a2200181 i 4500
001 misc76169
005 20260318124134.0
008 260313s1938 hu o 000 hun d
040 |a SZTE Miscellanea Repozitórium  |b hun 
041 |a hun 
100 2 |a Cs. Sebestyén Károly 
245 1 0 |a Szeged középkori templomai   |h [elektronikus dokumentum] :  |b építéstörténeti tanulmány /  |c  Cs. Sebestyén Károly 
260 |a Somogyi Könyvtár és Városi Múzeum  |b Szeged  |c 1938 
300 |a 127  |c 25 cm 
650 4 |a Bölcsészettudományok 
650 4 |a Történettudomány és régészet 
695 |a Templomépítészet - Magyarország - regionális, Szeged - templomépítészet 
856 4 0 |u http://misc.bibl.u-szeged.hu/76169/1/XB_175736.pdf  |z Dokumentum-elérés